[Event "Challenge"]
[Site "http://www.queenalice.com/game.php?id=534775"]
[Date "2009.2.4"]
[Round "-"]
[White "paloberto"]
[Black "renatoferraz"]
[Result "1-0"]
[WhiteElo "1465"]
[BlackElo "1100"]

1. e4 e5 2. Nf3 Nf6 3. Nc3 Bc5 4. Nxe5 d6 5. Nf3 Rf8 6. Bc4 b6 7. d4 Bb4 8. Bd2
Nc6 9. d5 Na5 10. Bb5+ Ke7 11. a3 Bd7 12. axb4 Bxb5 13. Nxb5 Nxe4 14. bxa5 bxa5
15. Qe2 Kd7 16. Qxe4 Rb8 17. Qg4+ Ke8 18. Qxg7 Qd7 19. Nxa7 c5 20. Nc6 Qb7 21.
Qf6 Qxb2 22. Qe7# 1-0

[Event "rferraz"]
[Site "http://www.queenalice.com/game.php?id=535386"]
[Date "2009.2.5"]
[Round "-"]
[White "renatoferraz"]
[Black "JAmaro"]
[Result "0-1"]
[WhiteElo "959"]
[BlackElo "1520"]

1. Nc3 e5 2. e4 Bc5 3. Nf3 g6 4. b3 Nf6 5. Nxe5 d6 6. Nd3 Nc6 7. g3 Qe7 8. Qe2
Bg4 9. f3 Nd4 10. Qg2 Nxc2+ 11. Kd1 Nxa1 12. fxg4 Nxg4 13. Be2 Ne5 14. Nf4 c6
15. a4 Nxb3 16. Bb2 a6 17. h4 Nd4 0-1

[Event "Challenge"]
[Site "http://www.queenalice.com/game.php?id=535988"]
[Date "2009.2.6"]
[Round "-"]
[White "renatoferraz"]
[Black "rferraz"]
[Result "1-0"]
[WhiteElo "959"]
[BlackElo "1598"]

1. d4 d5 2. Nc3 Nf6 3. Bf4 Nc6 4. Nf3 Bf5 5. e3 e6 6. Bb5 Bb4 7. a3 a6 8. Bxc6+
bxc6 9. axb4 Rb8 10. Rxa6 Rb6 11. Qa1 Rxa6 12. Qxa6 O-O 13. Qxc6 Qa8 14. Qxc7
Qa1+ 15. Ke2 Qxb2 16. Nb5 Qxb4 17. Bd6 Qxb5+ 18. Kd1 Qb1+ 19. Ke2 h6 20. Rxb1
1-0

[Event "Challenge"]
[Site "http://www.queenalice.com/game.php?id=547639"]
[Date "2009.2.27"]
[Round "-"]
[White "renatoferraz"]
[Black "rferraz"]
[Result "0-1"]
[WhiteElo "959"]
[BlackElo "1622"]

1. d4 d5 2. e3 Nf6 3. Nc3 Nc6 4. Bb5 Bf5 5. Bxc6+ bxc6 6. Nf3 e6 7. b3 Bb4 8.
Qd2 O-O 9. h3 c5 10. dxc5 Bxc5 11. g4 Be4 12. Ng5 h6 13. Rh2 Qd6 14. f3 Bg6 15.
a4 Bb4 16. Ba3 Bxa3 17. Rxa3 Qxa3 18. Nb5 Qa1+ 19. Ke2 hxg5 20. Nxc7 Rac8 21.
Nb5 Qe5 22. h4 Qxh2+ 23. Kd1 Qg1+ 24. Qe1 Bxc2+ 25. Kd2 Qxe1+ 26. Kxe1 Bd3 27.
hxg5 Nd7 28. Kd2 Bxb5 29. axb5 Rc5 30. Kd3 Rfc8 31. b4 Rc3+ 32. Ke2 Rc2+ 33. Kf1
Rc1+ 34. Kg2 R8c2+ 35. Kg3 Rg1+ 36. Kf4 e5+ 37. Kf5 g6# 0-1

[Event "ôpa"]
[Site "http://www.queenalice.com/game.php?id=550013"]
[Date "2009.3.4"]
[Round "-"]
[White "glaulinda"]
[Black "renatoferraz"]
[Result "0-1"]
[WhiteElo "872"]
[BlackElo "943"]

1. e4 e5 2. g4 Nc6 3. Nc3 d6 4. Nd5 Be6 5. Nf4 exf4 6. g5 Qxg5 7. Nf3 Qd8 8. Bb5
Qd7 9. Bxc6 Qxc6 10. Ng5 Bc4 11. Rg1 Qxe4+ 12. Nxe4 g6 13. Nf6+ Nxf6 14. Rxg6
fxg6 15. c3 Bh6 16. b4 Rf8 17. Qa4+ b5 18. Qd1 Kf7 19. Rb1 Bxa2 20. Ra1 Be6 21.
Qc2 a5 22. Rxa5 Rab8 23. Qb2 Bf5 24. Rxb5 Rxb5 25. Kf1 Bh3+ 26. Ke1 Re5+ 27. Kd1
Ng4 28. d3 Nxf2+ 29. Qxf2 Rf5 30. Qa7 Bf1 31. Kc2 Bg5 32. Qa3 Re8 33. Bxf4 Rxf4
34. Qa7 Rf2+ 35. Kb3 Rf3 36. Qg1 Bd2 37. Ka4 Bxd3 38. Qa1 Bc2+ 39. Ka5 Ra8+ 40.
Kb5 Bd3+ 41. Kc6 Rb8 42. Qd1 Rf2 43. Kxc7 Bf5 44. Kxb8 Bf4 45. Qd5+ Ke7 46.
Qxd6+ Bxd6+ 47. Ka7 Be4 48. Kb6 Rf5 49. c4 Bxb4 50. Kc7 Kf7 51. Kd7 Re5 52. Kd8
Be7+ 53. Kd7 Bf5+ 54. Kc7 Rc5+ 55. Kb7 Bc8+ 56. Kb6 Bd6 57. Ka7 Rc6 58. Ka8 Ra6#
0-1

[Event "Challenge"]
[Site "http://www.queenalice.com/game.php?id=550014"]
[Date "2009.3.4"]
[Round "-"]
[White "hehe"]
[Black "renatoferraz"]
[Result "1-0"]
[WhiteElo "1038"]
[BlackElo "959"]

1. c4 e5 2. Nc3 b6 3. d3 Nf6 4. f4 d6 5. g3 Nc6 6. Bg2 g6 7. Bxc6+ Ke7 8. Nd5+
Ke6 9. e4 Bd7 10. Bxa8 Qxa8 11. g4 c6 12. f5+ gxf5 13. gxf5# 1-0

[Event "for freedom"]
[Site "http://www.queenalice.com/game.php?id=550119"]
[Date "2009.3.4"]
[Round "-"]
[White "renatoferraz"]
[Black "rferraz"]
[Result "0-1"]
[WhiteElo "913"]
[BlackElo "1682"]

1. d4 d5 2. f4 Nc6 3. Nf3 Bf5 4. g4 Bxg4 5. Nh4 Nf6 6. Nc3 e6 7. Rg1 Bb4 8. Qd2
O-O 9. a3 Bxc3 10. Qxc3 Ne4 11. Qb3 Qxh4+ 12. Kd1 Qxh2 13. Rxg4 Qh1 14. Ke1 Nxd4
15. Qd3 c5 16. b4 Qh5 17. bxc5 Qxg4 18. Qxd4 Qg3+ 19. Kd1 Qf2 20. Be3 Qxf1# 0-1

[Event "Care for a game?"]
[Site "http://www.queenalice.com/game.php?id=553708"]
[Date "2009.3.10"]
[Round "-"]
[White "renatoferraz"]
[Black "HydraRancher"]
[Result "1-0"]
[WhiteElo "964"]
[BlackElo "1500"]

1. d4 d5 2. f4 e6 3. Nc3 Bb4 4. f5 Nf6 5. a3 Ba5 6. e3 Ne4 7. Bd3 Nxc3 8. bxc3
Bxc3+ 9. Ke2 Bxa1 10. Bb5+ c6 11. Bd3 exf5 12. h4 O-O 13. Nf3 Nd7 14. Bxf5 Nf6
15. h5 Bxf5 16. Nh4 Bg4+ 17. Nf3 Ne4 18. Qd3 Ng3+ 19. Kf2 Nxh1+ 20. Ke2 Ng3+ 21.
Kd2 Bxf3 22. Ke1 Bxg2 23. a4 Be4 24. Qd1 Bc3+ 25. Kf2 Nxh5 26. Qxh5 Bg6 27. Qe5
Re8 28. Qh2 Qf6+ 29. Ke2 1-0

[Event "Challenge"]
[Site "http://www.queenalice.com/game.php?id=555299"]
[Date "2009.3.13"]
[Round "-"]
[White "HydraRancher"]
[Black "renatoferraz"]
[Result "0-1"]
[WhiteElo "1500"]
[BlackElo "964"]

1. d4 e6 2. c4 d6 3. e3 Nf6 4. Bd3 e5 5. Nc3 Nc6 6. d5 Na5 7. b4 Nxc4 8. Bxc4
Bd7 9. Nf3 a5 10. Ba3 Bg4 11. h3 Bxf3 12. Qxf3 g5 13. O-O Bh6 14. Bb5+ Kf8 15.
Rab1 axb4 16. Bxb4 Rg8 17. Ne4 g4 18. Qf5 gxh3 19. Qxh3 Nxe4 20. Qxh6+ Rg7 21.
Rbc1 c6 22. dxc6 bxc6 23. Bxc6 Ng5 24. Bxa8 Qxa8 25. Bxd6+ Kg8 0-1

[Event "melhor de 3 :D"]
[Site "http://www.queenalice.com/game.php?id=555542"]
[Date "2009.3.13"]
[Round "-"]
[White "renatoferraz"]
[Black "rferraz"]
[Result "0-1"]
[WhiteElo "909"]
[BlackElo "1709"]

1. d4 d5 2. g4 Nc6 3. Nc3 e6 4. Nf3 Nf6 5. Bf4 Bd6 6. e3 O-O 7. Rc1 e5 8. dxe5
Nxe5 9. Nd4 Nc4 10. Bg5 Be7 11. Bxc4 dxc4 12. Bxf6 Bxf6 13. Qe2 Bxd4 14. exd4
Re8 15. Ne4 Qxd4 16. f3 Qxb2 17. Rd1 Be6 18. h4 Bd5 19. Rxd5 Qc1+ 20. Rd1 Qf4
21. Rg1 g6 22. Rd7 Rad8 23. Rxc7 Qc1+ 24. Kf2 Qf4 25. Rxc4 b5 26. Rb4 a6 27. g5
Qxh4+ 28. Rg3 f5 29. Qc4+ Kf8 30. Qg8+ Kxg8 31. Ra4 fxe4 32. Rxe4 Rxe4 33. fxe4
Qf4+ 34. Ke1 Qxg3+ 35. Ke2 Qg2+ 36. Ke3 Rd2 37. Kf4 Qf2+ 38. Ke5 Qd4+ 39. Kf4
Rf2+ 40. Kg4 Qxe4+ 41. Kg3 Qf3+ 42. Kh4 Rh2# 0-1

[Event "Challenge"]
[Site "http://www.queenalice.com/game.php?id=555849"]
[Date "2009.3.14"]
[Round "-"]
[White "HENRIQUE_L_AUAD"]
[Black "renatoferraz"]
[Result "1-0"]
[WhiteElo "1277"]
[BlackElo "913"]

1. e4 e5 2. Qh5 Nf6 3. Qxe5+ Be7 4. d3 d6 5. Qg3 Rf8 6. Qxg7 Rh8 7. Qxh8+ Bf8 8.
Bh6 Ke7 9. Bg5 Bh6 10. Qxf6+ Ke8 11. Qxd8# 1-0

[Event "Challenge"]
[Site "http://www.queenalice.com/game.php?id=555920"]
[Date "2009.3.14"]
[Round "-"]
[White "renatoferraz"]
[Black "SGrillo"]
[Result "0-1"]
[WhiteElo "909"]
[BlackElo "1662"]

1. c4 e5 2. e4 Bc5 3. Nc3 Nf6 4. Nf3 d6 5. a3 Bg4 6. d3 h6 7. Be2 O-O 8. Rg1
Bxf3 9. Bxf3 Nc6 10. b4 Bd4 11. Ne2 Bxa1 12. Rf1 Nd4 13. Ng3 Bc3+ 14. Bd2 Bxd2+
15. Qxd2 Nxf3+ 16. gxf3 Nh7 17. d4 exd4 18. Qxd4 Qf6 19. e5 Qxe5+ 20. Qxe5 dxe5
21. Ne2 Rad8 0-1

[Event "Challenge"]
[Site "http://www.queenalice.com/game.php?id=571336"]
[Date "2009.4.13"]
[Round "-"]
[White "Tuarek"]
[Black "renatoferraz"]
[Result "1-0"]
[WhiteElo "1295"]
[BlackElo "969"]

1. e4 e5 2. Nf3 Nf6 3. d3 Bb4+ 4. c3 Ba5 5. Nxe5 O-O 6. Nc4 Bxc3+ 7. Nxc3 b6 8.
Be2 b5 9. Nxb5 c6 10. Nbd6 Ba6 11. Qb3 Bb5 12. Nxb5 cxb5 13. Qxb5 Qc7 14. Bf3 a6
15. Qd5 Nxd5 16. exd5 a5 17. d6 Qa7 18. Bxa8 Qxf2+ 19. Kd1 Qe2+ 20. Kxe2 Na6 21.
Bf3 Nc5 22. Nb6 Re8+ 23. Kd2 Re7 24. dxe7 Ne6 25. e8=Q+ Nf8 26. Nxd7 h5 27.
Qxf8+ Kh7 28. Re1 Kg6 29. Re7 f6 30. Rxg7+ Kf5 31. Kc3 Ke6 32. Qxf6# 1-0

[Event "Ao velhos tempos...."]
[Site "http://www.queenalice.com/game.php?id=606143"]
[Date "2009.6.19"]
[Round "-"]
[White "renatoferraz"]
[Black "rferraz"]
[Result "0-1"]
[WhiteElo "964"]
[BlackElo "1667"]

1. e4 e5 2. Bc4 Nf6 3. Nf3 Nc6 4. O-O Bc5 5. Ng5 O-O 6. d3 h6 7. Nf3 d5 8. Bxd5
Nxd5 9. exd5 Qxd5 10. c4 Qe6 11. Bd2 Bd7 12. Qa4 Nd4 13. Qd1 Nxf3+ 14. gxf3 Qg6+
15. Kh1 Qxd3 16. Qe1 Qxf3+ 17. Kg1 Bc6 18. Qxe5 Qh1# 0-1